000
00261nam a22001217a 4500
008
170502b xxu||||| |||| 00| 0 eng d
041
_a
eng
080
_a
343.9
100
_a
13
101
_a
SHJ
245
_a
CRIMINAL PROCEDURE
_c
SIEGEL.B.N
942
_2
udc
_c
BK
999
_c
12358
_d
12358